000 01061cad a22002055a 4500
001 L158311
008 141205s2014 xxk f 000 0 eng d
035 _a(Sirsi) u158311
041 0 _aeng
110 2 _aUK Energy Research Centre
_95881
245 0 4 _aThe UK's Global Gas Challenge
_bResearch Report
_h[electronic resource]
260 _c2014
520 _aResearch finds that shale gas is unlikely to become a primary energy resource within the next 10 years and that the UK was not likely to follow the United States of America whose shale gas industry has contributed to increasing energy self-sufficiency. This suggests that given the predicted timetable for the implementation of shale gas drilling in the UK the resource will not provide a quick fix for possible energy shortages in the future.
590 _aKA
651 4 _aUnited Kingdom
690 _aEnergy
_96237
690 _aEnvironment
_96238
856 4 0 _uhttps://www.ukerc.ac.uk/support/tiki-download_file.php?fileId=3717
_zView the item free of charge at: www.ukerc.ac.uk
942 _n0
999 _c115259
_d115259